000 00878nam a22002777a 4500
001 BR0902451
003 BR-BrBNA
005 20230928102950.0
007 ta
008 230509b bl.||||| |||| 00| 0 por d
040 _aBR-BrBNA
_bpor
_cBiblioteca Nacional de Agricultura
041 _a(Por)
072 _aL10
_b5213
090 _ 5213 BR0902451
110 1 _aFaculdade de Medicina de Ribeirão Preto, SP (Brasil). Depto. de Genética
_94500
245 1 _aPrograma de melhoramento genético da raça Nelore; avaliação genética de touros, matrizes e animais jovens; sumário 1995
260 3 _aRibeirão Preto, SP (Brasil):
_c1995.
300 _a67 p.
650 _aGADO NELORE
650 _aTOURO
650 _aPROJETO DE DESENVOLVIMENTO
650 _aMELHORAMENTO GENÉTICO ANIMAL
650 _aMATRIZ
909 _a202309
_bLucia
_c55
_dLucia Elande
942 _cBK
999 _c73160
_d73160